|
|
|
|
| LEADER |
00000nam a2200000 a 4500 |
| 001 |
vtls001374535 |
| 003 |
SK-MaSNL |
| 005 |
20260224065445.0 |
| 008 |
991012s1949 xx 0 und |
| 035 |
|
|
|a SNK000328421
|
| 040 |
|
|
|a SNK
|b slo
|c SNK
|e AACR2
|
| 245 |
1 |
|
|a Motocykl. Roč. 1., č. 1,7,10, 1949
|
| 260 |
|
|
|a Praha
|b Autoklub RČs
|c 1949
|
| 999 |
|
|
|c 894533
|d 896463
|
| 952 |
|
|
|t č. 37-60
|a SNK
|b SNK
|y PREZ
|7 0
|p 17A0213865
|o snkČB 1298/3/1951
|0 0
|1 1
|4 0
|d 1999-10-12
|l 0
|r 2005-01-02 00:00:00
|w 2026-02-24
|
| 952 |
|
|
|t č. 61-72
|a SNK
|b SNK
|y PREZ
|7 0
|p 17A0213866
|o snkČB 1298/4/1952
|0 0
|1 1
|4 0
|d 1999-10-12
|l 0
|r 2005-01-02 00:00:00
|w 2026-02-24
|
| 952 |
|
|
|t č. 1-10, neúplné
|a SNK
|b SNK
|y PREZ
|7 0
|p 17A0213848
|o snkČB 1298/1/1949
|z Chýba č. 2-6, 8-9
|0 0
|1 1
|4 0
|d 1999-10-12
|l 0
|r 2005-01-02 00:00:00
|w 2026-02-24
|
| 952 |
|
|
|t č. 1-4
|a SNK
|b SNK
|y PREZ
|7 0
|p 17A0213409
|o snkČB 1298/1991
|0 0
|1 1
|4 0
|d 1999-10-12
|l 0
|r 2005-01-02 00:00:00
|w 2026-02-24
|
| 952 |
|
|
|t č. 1-12
|a SNK
|b SNK
|y PREZ
|7 0
|p 17A0213854
|o snkČB 1298/1992
|0 0
|1 1
|4 0
|d 1999-10-12
|l 0
|r 2005-01-02 00:00:00
|w 2026-02-24
|